Statistics for La guerre des Clans/ Famille Étoile de Feu

Click here to take the quiz!

General Stats

  • This quiz has been taken 23 times
  • The average score is 11 of 14

Answer Stats

QuestionRéponse% Correct
CompagneTempête de Sable
100%
FilleFeuille de Lune
93%
FillePoil d'Écureuil
93%
Petite FilleFeuille de Houx
86%
NeveuFlocon de Neige
86%
GendreGriffe de Ronce
86%
Petit FilsŒil de Geai
86%
Petit FilsPelage de Lion
86%
SœurPrincesse
86%
Fille issue de cette unionAile de Colombe
64%
Nièce par allianceCœur Blanc
64%
Fille issue de cette unionFeuille de Lis
64%
Arrière nièceAile Blanche
57%
Arrière neveu par allianceBois de Frêne
50%

Score Distribution

Percentile by Number Answered

Percent of People with Each Score

Your Score History

You have not taken this quiz